|
|
|
|
| LEADER |
00738nam a22001937a 4500 |
| 005 |
20151026130356.0 |
| 008 |
091027t xxu||||| |||| 00| 0 eng d |
| 020 |
|
|
|a 3-527-30749-4
|
| 080 |
|
|
|a 537.311.31
|b ROT
|
| 100 |
|
|
|a Roth, Siegmar
|9 8782
|
| 245 |
|
|
|a One -dimensional metals:
|b conjugated polymers, organic crystals, carbon nanotubes
|
| 250 |
|
|
|a 2nd rev.ed.
|
| 260 |
|
|
|a Weinheim
|b Wiley-VCH, Verlag GmbH
|c 2004
|9 8783
|
| 300 |
|
|
|a xiv, 251p.
|
| 653 |
|
|
|a One-dimesional conductors
|a Conducting polymers
|a Superconductivity
|a Molecular electronics
|
| 700 |
|
|
|a Carroll, David
|9 8784
|
| 942 |
|
|
|c BK
|6 _
|
| 999 |
|
|
|c 4029
|d 4029
|
| 952 |
|
|
|0 0
|1 0
|2 udc
|4 0
|6 53731131_ROT
|7 0
|9 15071
|a UL
|b UL
|d 2009-10-27
|o 537.311.31 ROT
|p 00055296
|r 2009-10-27
|w 2009-10-27
|y BK
|